000 00914nas a2200301 4500
001 BR2015007260
003 BR-BrBNA
005 20231205130056.0
007 ta
008 230509b bl.|||p| |||| 00| 00por d
040 _aBR-BrBNA
_bpor
_cBiblioteca Nacional de Agricultura
041 _a(Pt)
072 _aF03; J10; Q02
100 1 _aStringheta, A.C.O.
100 1 _aAlves, E.A.
100 1 _aAraújo, E.F.
100 1 _aCardoso, A.A.
245 1 _aSecagem e armazenamento de sementes de palmeira real Australiana (Archontophoenix alexandrae)
650 _aSEMENTE
650 _aPALMEIRA IMPERIAL
650 _aSECAGEM
650 _aARMAZENAMENTO
650 _aUMIDADE
650 _aGERMINAÇÃO
773 0 _tRevista Brasileira de Armazenamento (Brazil)
_xISSN 0100-3518
_g(Jan-Jun 2004), v. 29(1) p. 51-57
_wBR2015007260
909 _a202311
_bLúcia
_c55
_dLúcia Elande
942 _2AGRIS
_n0
_cANA
999 _c247777
_d247777